| 000 | 01003nam a22002537a 4500 | ||
|---|---|---|---|
| 008 | 240610b mp ||||| |||| 00| 0 mon d | ||
| 020 | _a978-99973-1-860-2 | ||
| 035 | _a44536 | ||
| 040 |
_aHUV0167120 _bmon _cMN-UlNLM _dMN-UlNLM _erda |
||
| 041 | _amon | ||
| 042 | _a95433 | ||
| 084 |
_2NNA _a84.8(4ИхБр) _bВ.679 |
||
| 100 | _aВиллиамс Д. | ||
| 245 | 0 | _aТэрбумтан хүү | |
| 264 |
_aУлаанбаатар _bМонсудар ХГ _c2020 |
||
| 300 | _a300х. | ||
| 336 |
_2rdacontent _atext _btxt |
||
| 337 |
_2rdamedia _aunmediated _bn |
||
| 338 |
_2rdacarrier _avolume _bnc |
||
| 490 | _aГайхамшгийн эрэлд | ||
| 650 | _aЖоёыг жаргалтай болгох маш олон зүйл бий. Түүнд хувийн кино театр, боулингийн газар, бүр орангутан сармагчин хүртэл байдаг. Тэр ... | ||
| 942 |
_2NNA _cBK |
||
| 999 |
_c1058729 _d1058786 |
||